Loading...
| Beliefs - Mythology | 0 | 6 | 0 | 0 | 60 | 65 | 100.17 | 2 | 6 |
| Arts - Music | 0 | 4 | 0 | 0 | 40 | 81 | 91.50 | 0 | 4 |
| Thought - Social Science | 2 | 1 | 0 | 1 | 40 | 55 | 71.33 | 1 | 3 |
| Literature - American Lit | 1 | 2 | 0 | 2 | 35 | 20 | 87.33 | 2 | 3 |
| History - Euro History | 0 | 3 | 0 | 0 | 30 | 79 | 91.33 | 0 | 3 |
| Literature - British Lit | 1 | 2 | 1 | 0 | 30 | 59 | 84.67 | 3 | 3 |
| Other - Other Academic | 1 | 1 | 0 | 0 | 25 | 57 | 71.50 | 1 | 2 |
| Arts - Painting | 0 | 3 | 1 | 1 | 25 | 84 | 112.67 | 0 | 3 |
| Other - Geo/CE | 1 | 1 | 0 | 1 | 25 | 65 | 94.50 | 0 | 2 |
| Literature - Euro Lit | 0 | 2 | 1 | 0 | 15 | 102 | 111.50 | 0 | 2 |
| History - World History | 1 | 0 | 0 | 0 | 15 | 56 | 56.00 | 1 | 1 |
| Literature - World Lit | 1 | 0 | 0 | 0 | 15 | 37 | 37.00 | 1 | 1 |
| Science - Other Science | 1 | 0 | 0 | 0 | 15 | 45 | 45.00 | 1 | 1 |
| Other - Pop Culture | 0 | 1 | 0 | 0 | 10 | 144 | 144.00 | 0 | 1 |
| History - Other History | 0 | 1 | 0 | 0 | 10 | 106 | 106.00 | 0 | 1 |
| Beliefs - Religion | 0 | 0 | 0 | 0 | 0 | 0.00 | 0 | 0 |